| 000 | 00341nam a22001337a 4500 | ||
|---|---|---|---|
| 020 | _a9780074632178 | ||
| 040 | _cNUST | ||
| 082 | _a621.4022 KER | ||
| 100 |
_aKern, Donald Q. _963725 |
||
| 245 | _aProcess Heat Transfer | ||
| 260 |
_aNew Delhi: _bMcGraw Hill Education, _c2015. |
||
| 650 |
_aPROCESS HEAT TRANSFER _991803 |
||
| 942 |
_2ddc _cBK |
||
| 999 |
_c589926 _d589926 |
||